Stuck on green? (Record no. 82659)

MARC details
000 -LEADER
fixed length control field 00849cab a22002055a 4500
001 - CONTROL NUMBER
control field L150871
008 - FIXED-LENGTH DATA ELEMENTS--GENERAL INFORMATION
fixed length control field 100908e20100814xxk 000 0 eng d
035 ## - SYSTEM CONTROL NUMBER
System control number (Sirsi) u150871
041 0# - LANGUAGE CODE
Language code of text/sound track or separate title eng
100 1# - MAIN ENTRY--PERSONAL NAME
Personal name Cunningham, Daniel
245 00 - TITLE STATEMENT
Title Stuck on green?
260 ## - PUBLICATION, DISTRIBUTION, ETC.
Date of publication, distribution, etc. 2010
490 ## - SERIES STATEMENT
Series statement Estates Gazette
Volume/sequential designation (1032) 14 August 2010, 47-49(3)
520 ## - SUMMARY, ETC.
Summary, etc. Examines plans for a redevelopment of the waterfront at St Helier in Jersey where plans for the scheme which are not affected by UK planning policy have now been submitted and approved. Also features developments on the Isle of Man where schemes such as a 30 000 sq ft building on Finch Road in Douglas have been given consent but are not yet going ahead.
590 ## - LOCAL NOTE (RLIN)
Local note KA
651 #4 - SUBJECT ADDED ENTRY--GEOGRAPHIC NAME
Geographic name Isle of Man
651 #4 - SUBJECT ADDED ENTRY--GEOGRAPHIC NAME
Geographic name Channel Islands
690 ## - LOCAL SUBJECT ADDED ENTRY--TOPICAL TERM (OCLC, RLIN)
Topical term or geographic name as entry element PROPERTY-PROPERTY DEVELOPMENT
942 ## - ADDED ENTRY ELEMENTS (KOHA)
Suppress in OPAC 0
Holdings
Withdrawn status Lost status Source of classification or shelving scheme Damaged status Not for loan Home library Current library Shelving location Date acquired Total Checkouts Full call number Barcode Date last seen Copy number Price effective from Koha item type
    Dewey Decimal Classification     London London Journal article 08/09/2010   L150871 150871-1001 06/08/2019 1 06/08/2019 Journal article